000 00945cab a22002055a 4500
001 L142070
008 080123s2008 xxka f 000 0 eng d
035 _a(Sirsi) u142070
041 0 _aeng
100 1 _aWorthing, Derek
245 0 0 _aBuilding briefing
_bstonework
_bcommon problems and defects
260 _c2008
490 0 _aLetting Update Journal
_v15(4) January 2008, 26-27(2)
520 _aDiscusses the most common defects in stonework and outlines how to maintain, repair or restore stone elevations. Common defects include acid rain, salt crystallisation, and frost attack. Design and craftsmanship issues include incorrect bedding, incorrect pointing, expansion of metals, and failure of protective coatings. Concludes with tips on maintenance and repair.
590 _aKA
651 4 _aUnited Kingdom
_y
690 _aBUILT ENVIRONMENT-BUILDING MATERIALS-STONE
690 _aBUILT ENVIRONMENT-BUILDING PATHOLOGY
942 _n0
999 _c79721
_d79721